Upping the ante: The equilibrium effects of unconditional grants to private schools (Record no. 517270)

000 -LEADER
fixed length control field 01180nam a22001457a 4500
008 - FIXED-LENGTH DATA ELEMENTS--GENERAL INFORMATION
fixed length control field 210707b ||||| |||| 00| 0 eng d
100 ## - MAIN ENTRY--PERSONAL NAME
Personal name Andrabi, T., Das, J., Khwaja, A.I. and Singh, N.
245 ## - TITLE STATEMENT
Title Upping the ante: The equilibrium effects of unconditional grants to private schools
260 ## - PUBLICATION, DISTRIBUTION, ETC. (IMPRINT)
Place of publication, distribution, etc The American Economic Review
300 ## - PHYSICAL DESCRIPTION
Extent 110(10), Oct, 2020: p.3315-3349
520 ## - SUMMARY, ETC.
Summary, etc We assess whether financing can help private schools, which now account for one-third of primary school enrollment in low- and middle-income countries. Our experiment allocated unconditional cash grants to either one (L) or all (H) private schools in a village. In both arms, enrollment and revenues increased, leading to above- market returns. However, test scores increased only in H schools, accompanied by higher fees, and a greater focus on teachers. We provide a model demonstrating that market forces can provide endogenous incentives to increase quality and increased financial saturation can be used to leverage competition, generating socially desirable outcomes. – Reproduced
773 ## - HOST ITEM ENTRY
Main entry heading The American Economic Review
906 ## - LOCAL DATA ELEMENT F, LDF (RLIN)
Subject DIP PRIVATE SCHOOLS
942 ## - ADDED ENTRY ELEMENTS (KOHA)
Item type Articles

No items available.

Powered by Koha